| 000 | 00671nam a2200277Ia 4500 | ||
|---|---|---|---|
| 001 | Z_4059 | ||
| 003 | CHAP | ||
| 008 | 220113s1956 xx 000 0 und d | ||
| 010 | _a167121 | ||
| 040 | _cCHAP | ||
| 082 | _a636.0824 R5 | ||
| 100 |
_aRice, Victor Arthur _997235 |
||
| 245 |
_aCría y mejora del ganado / _cpor Victor Arthur Rice y Frederick Newcomb Andrews |
||
| 260 |
_aMéxico, D.F : _bUTEHA, _c1956 |
||
| 300 | _a868 p. | ||
| 440 | _a | ||
| 500 | _a | ||
| 503 | _a | ||
| 650 |
_aGanadería I. t II. Andrews, Frederick Newcomb _9141293 |
||
| 901 | _a636.0824 R5 | ||
| 902 | _aA | ||
| 910 | _a1956 | ||
| 942 | _c1 | ||
| 942 | _cc1 | ||
| 999 |
_c167121 _d167121 |
||